00606nam a2200169 4500001000700000003000900007007000300016008004100019100002700060245007500087260006200162300002700224500002600251852002100277999001900298952011900317120199ES-MaACLt|070214s1917 fr r ||||1| fre d1 aPiquet, Victor.99233513aLe Maroc b: géographie, historie, mise en valeur / cVictor Piquet. aParis : b[s. n.], c1917 (eColommiers : fPaul Brodard) aXII, 464 p. ; c20 cm. aFalta el primer mapa. aES-MaACLjB-2100 c120199d120199 00104070aATENEOMbATENEOMcSPBd2008-01-17eSCl0oB-2100p1125288r2023-02-23 00:00:00w2023-02-23yMONOGRAFIA